| 000 | 01183nam0a22002651i 4500 | ||
|---|---|---|---|
| 001 | rc\3253006 | ||
| 005 | 20240726060157.0 | ||
| 021 |
_aRU _b[70-15404а] |
||
| 035 | _a(NLR Aleph) 007480287 | ||
| 090 |
_a7509161 _c7509161 |
||
| 100 | _a20130115d1970 |||y0rusy50 ca | ||
| 101 | 0 | _arus | |
| 102 | _aRU | ||
| 105 | _aa d ||||| | ||
| 200 | 1 |
_aИзменения в клеточном составе крови и соединительной ткани при ожогах у детей _e(Клинич. и эксперим. наблюдения) _eАвтореф. дис. на соискание учен. степени канд. мед. наук _e(14.772) _fРиж. мед. ин-т |
|
| 210 |
_aРига _d1970 |
||
| 215 |
_a42 с. _cил. |
||
| 606 |
_aКровь _xКлетки _xПри патологических состояниях _2psbo |
||
| 606 |
_aСоединительная ткань _xПри патологических состояниях _xВ педиатрии _2psbo |
||
| 606 |
_aОжоги у детей _xКлиника _2psbo |
||
| 700 | 1 |
_aЧемс _bТ.Р. |
|
| 801 | 0 |
_aRU _bNLR _gpsbo |
|
| 801 | 1 |
_aRU _bELAR _2rusmarc |
|
| 852 |
_aNLR _j70-6/6276 |
||
| 942 | _cBOOK | ||